Geography Quiz

Random Geography or Asia Quiz
Score 0/50 Timer 07:00
0 Plays Today
Hint Answer % Correct
Flag ColorRed
92.6%
Flag ColorYellow
89.7%
Official LanguageKyrgyz
80.2%
Nationality (Demonym)Kyrgyz
79.9%
ContinentAsia
75.6%
Drives on the...Right
75.6%
Age of Suffrage18
75%
Largest ReligionIslam
73.4%
Bordering CountryKazakhstan
73.1%
Bordering CountryUzbekistan
71.2%
Bordering CountryTajikistan
70.5%
Second Largest ReligionChristianity
69.6%
Bordering CountryChina
68.5%
Official LanguageRussian
64.5%
Capital CityBishkek
62.2%
Largest CityBishkek
61.5%
Independence fromSoviet Union
52.2%
Internet Country Code.kg
50.6%
# of Oblasts7
50%
Official NameKyrgyz Republic
47.2%
Former CurrencySoviet Ruble
36.7%
# of Unifying Tribes40
35.3%
Symbol on FlagSun
34.4%
Major Political PartySocial Democratic Party
21.5%
Major Political PartyCommunist Party
20.3%
Hint Answer % Correct
Second Largest CityOsh
17.7%
CurrencyKyrgyzstani Som (KGS)
12.4%
PresidentSooronbay Jeenbekov
8.9%
Largest Mountain RangeTian Shan
8.8%
Largest LakeLake Issyk Kul
8.4%
Independence DayAugust 31, 1991
8%
Third Largest CityJalal-Abad
7.6%
Fourth Largest CityKarakol
6.8%
Longest RiverNaryn River
6.4%
Largest OblastNaryn
6.4%
National AnthemNational Anthem of the Kyrgyz Republic
6.1%
Centrepiece of Kyrgyz LiteratureEpic of Manas
5.6%
Prime MinisterMuhammetkaliy Abulgaziyev
5.4%
First PresidentAskar Akayev
5%
Highest Point (7,439 m)Jengish Chokusu
4.6%
Unicameral Parliament HouseSupreme Council (Jogorku Kengesh)
3.8%
Speaker of ParliamentSapar Isakov
3.7%
Ancient Fretless String InstrumentKomuz
3.5%
Lowest Point (132 m)Kara-Daryya
3.5%
Oldest Institution of Higher LearningKyrgyzstan National University
3.4%
Major Political PartyAk Jol
3.2%
The Tsaritsa of AlaiKurmanjan Datka
3.1%
First Prime MinisterNasirdin Isanov
3%
UNESCO World Heritage SiteSulayman Mountain
2.5%
First Minister of EducationKasym Tynystanov
2%

You're not logged in!

Compare scores with friends on all Sporcle quizzes.
OR
Log In

Sporcle TV

Today on Sporcle TV


Watch our educational content, quiz creation guides, and fun videos on Sporcle TV.

Show Comments

Extras

Top Quizzes Today


Score Distribution

Paid Content

Your Account Isn't Verified!

In order to create a playlist on Sporcle, you need to verify the email address you used during registration. Go to your Sporcle Settings to finish the process.

Report this User

Report this user for behavior that violates our Community Guidelines.

Details: